Statistics for Top 25 best countries in the world

Click here to take the quiz!

General Stats

  • This quiz has been taken 87 times
  • The average score is 19 of 25

Answer Stats

HintAnswer% Correct
2Canada
96%
7USA
95%
9France
94%
19Spain
90%
8Australia
89%
16Italy
87%
14New Zealand
87%
10Norway
87%
3UK
87%
4Germany
86%
6Sweden
86%
5Japan
84%
1Switzerland
82%
13Finland
80%
11Netherlands
75%
12Denmark
72%
18Austria
71%
21Ireland
71%
24Portugal
70%
23South Korea
65%
15Singapore
57%
20China
51%
17Luxembourg
46%
25India
42%
22UAE
22%

Score Distribution

Percentile by Number Answered

Percent of People with Each Score

Your Score History

You have not taken this quiz